Vocabulaire Anglais - Niveau B2 - Statistiques

Statistiques générales
  • Ce quiz a été pris 438 fois
  • Le résultat moyen est 8 sur 30
Statistiques - réponses
Hint Réponse % Correct
Preuve Evidence | Proof
62%
Conséquence Consequence
61%
Impact Impact
60%
Menace Threat
45%
Défi Challenge
43%
Améliorer Improve
42%
Consommateur Consumer
41%
Réseau social Social Network
40%
Évaluer Evaluate
38%
Convaincre Convince
37%
Établir Establish
37%
Évident Obvious
33%
Croissance Growth
29%
Résultat Outcome | Results
29%
Gérer Handle | Manage
26%
Étranger Foreigner
22%
Diminuer Decrease
19%
Artichaut Artichoke
15%
Enceinte (éléctronique) Speaker
14%
Significatif Significant
13%
Fournir Provide
12%
Atteindre Achieve
8%
Étonnant Astonishing
8%
Caractéristique Feature | Characteristic
7%
Sous Beneath
5%
Résoudre / Comprendre Figure out
3%
Acquérir Gain
3%
Exiger Require
3%
Large Broad
1%
Dépasser Exceed
0%
Aucun quiz correspondant
Distribution des résultats
% des personnes avec chaque résultat
Percentile par nombre de réponses
Votre historique - résultats
Vous n’avez pas pris ce quiz